Favole

Сохранить в:
Библиографические подробности
Главный автор: Fontaine, Jean de La
Формат:
Язык:Undetermined
Опубликовано: Roma, Italia Newton & Compton 2003
Предметы:
Метки: Добавить метку
Нет меток, Требуется 1-ая метка записи!

MARC

LEADER 00000nam a2200000Ia 4500
008 170316s9999 xx 000 0 und d
999 |c 8142  |d 8142 
040 |a cru BVZT 
090 |a 850 F-2f 
100 |a Fontaine, Jean de La 
245 |a Favole  |c / Jean de La Fontaine 
260 |a Roma, Italia  |b Newton & Compton  |c 2003 
300 |a 365 páginas 
650 |a LITERATURA ITALIANA  |9 212 
650 |a EN IDIOMA ITALIANA 
650 |a CUENTOS  |9 271 
942 |c 15 D  |h 850 F-2f  |2 z